000 00526nam a2200169 a 4500
001 000043371
005 20201002040844.0
008 140311s2006 sp 001 0 spa d
020 _a8432296686
100 1 _aJuaristi, Jon
_d1951-
_971033
245 1 0 _aCambio de destino :
_bmemorias /
_cJon Juaristi.
260 _aBarcelona :
_bSeix Barral,
_c2006.
300 _a413 p. :
_bil. ;
_c24 cm.
500 _aIncluye índice
500 _aIncluye datos biográficos del autor autor en la solapa de la cubierta
999 _c42860
_d42860
040 _aDO-SdBNP